[Event "Summer Prague Open 2021 - A"]
[Site "?"]
[Date "2021.08.11"]
[Round "7.14"]
[White "Kvaloy, Aksel Bu"]
[Black "Svanda, Ondrej"]
[Result "1-0"]
[BlackElo "2312"]
[WhiteElo "2126"]
[LiveChessVersion "1.4.8"]

1. e4 {[%clk 1:30:56]} c5 {[%clk 1:30:55]} 2. Nf3 {[%clk 1:31:20]} d6
{[%clk 1:31:23]} 3. d4 {[%clk 1:30:18]} cxd4 {[%clk 1:31:49]} 4. Nxd4
{[%clk 1:30:43]} Nf6 {[%clk 1:32:16]} 5. Nc3 {[%clk 1:28:32]} a6 {[%clk 1:32:44]}
6. Be3 {[%clk 1:28:42]} e5 {[%clk 1:32:51]} 7. Nb3 {[%clk 1:29:03]} Be7
{[%clk 1:32:45]} 8. f3 {[%clk 1:28:50]} Be6 {[%clk 1:32:39]} 9. Qd2
{[%clk 1:29:10]} h5 {[%clk 1:32:41]} 10. Nd5 {[%clk 1:29:13]} Nxd5
{[%clk 1:33:04]} 11. exd5 {[%clk 1:29:35]} Bf5 {[%clk 1:33:29]} 12. Be2
{[%clk 1:28:54]} a5 13. O-O a4 {[%clk 1:32:24]} 14. Nc1 {[%clk 1:26:06]} Nd7
{[%clk 1:32:03]} 15. Nd3 O-O 16. c4 {[%clk 1:20:49]} Bg6 {[%clk 1:23:59]} 17. f4
{[%clk 1:13:50]} Bxd3 {[%clk 1:11:54]} 18. Bxd3 {[%clk 1:12:57]} exf4
{[%clk 1:09:40]} 19. Bxf4 {[%clk 1:11:55]} Bf6 {[%clk 1:02:11]} 20. Rae1
{[%clk 0:47:10]} Be5 {[%clk 0:57:41]} 21. Kh1 {[%clk 0:29:42]} g6
{[%clk 0:34:16]} 22. Bg5 {[%clk 0:23:27]} Bf6 {[%clk 0:22:47]} 23. Rxf6
{[%clk 0:20:19]} 1-0

[Event "Summer Prague Open 2021 - A"]
[Site "Olympik hotel, Sokolovska 138,"]
[Date "2021.08.11"]
[Round "7.15"]
[White "Kusa, Jakub"]
[Black "Dambrauskas, Virginijus"]
[Result "1-0"]
[WhiteElo "2280"]
[BlackElo "2176"]
[PlyCount "69"]
[EventDate "2021.08.06"]

1. e4 c5 2. Nf3 e6 3. g3 Nc6 4. Bg2 g6 5. d4 cxd4 6. Nxd4 a6 7. Nxc6 dxc6 8.
Qxd8+ Kxd8 9. e5 Kc7 10. Nd2 Bg7 11. Nc4 Ne7 12. f4 Bd7 13. Bd2 Nc8 14. O-O-O
Rd8 15. a4 Bf8 16. a5 Bc5 17. Rhe1 Be8 18. Ne3 Ne7 19. c4 Nf5 20. Nxf5 exf5 21.
Re2 Rd4 22. b3 Rad8 23. Rde1 Rxd2 24. Rxd2 Bb4 25. Rde2 Bxe1 26. Rxe1 Bd7 27.
Kd2 b6 28. b4 bxa5 29. bxa5 c5 30. Bd5 Be6 31. Ke3 h5 32. Kf3 Kc8 33. Bxe6+
fxe6 34. Kg2 h4 35. Kh3 1-0

[Event "Summer Prague Open 2021 - A"]
[Site "Olympik hotel, Sokolovska 138,"]
[Date "2021.08.11"]
[Round "7.16"]
[White "Schirm, Friedmar"]
[Black "Gramb, Marius"]
[Result "1-0"]
[WhiteElo "2268"]
[BlackElo "2150"]
[PlyCount "93"]
[EventDate "2021.08.06"]

1. Nf3 d5 2. c4 d4 3. g3 Nc6 4. Bg2 e5 5. O-O e4 6. Ne1 h5 7. d3 e3 8. fxe3 h4
9. e4 hxg3 10. hxg3 Bd6 11. Bf4 Bxf4 12. gxf4 Qh4 13. Nf3 Qxf4 14. Qd2 Qg3 15.
Qg5 Qxg5 16. Nxg5 Nf6 17. Na3 a6 18. Kf2 Bg4 19. Rh1 Ke7 20. Nc2 a5 21. b3 Rad8
22. a3 Rxh1 23. Bxh1 Nd7 24. Bf3 Nde5 25. Bxg4 Nxg4+ 26. Kg3 Nge5 27. b4 f6 28.
Nh3 g5 29. Nf2 Kf7 30. Rh1 Kg7 31. b5 Ne7 32. Ng4 Nxg4 33. Kxg4 Ng6 34. Kf5 Nf4
35. Rh2 Ng6 36. c5 Rd7 37. a4 Rd8 38. Ke6 Nf8+ 39. Ke7 Rd7+ 40. Ke8 c6 41. b6
Kg8 42. Rf2 Rg7 43. Nxd4 g4 44. Nf5 Rg5 45. Ke7 Rg6 46. Rg2 Nh7 47. Rxg4 1-0

[Event "Summer Prague Open 2021 - A"]
[Site "Olympik hotel, Sokolovska 138,"]
[Date "2021.08.11"]
[Round "7.17"]
[White "Heyne, Lukas"]
[Black "Neukirchner, Pascal"]
[Result "1/2-1/2"]
[WhiteElo "2062"]
[BlackElo "2266"]
[PlyCount "97"]
[EventDate "2021.08.06"]

1. d4 c5 2. d5 g6 3. Nf3 Bg7 4. e4 d6 5. Nfd2 Nf6 6. Nc3 O-O 7. Be2 Na6 8. O-O
Nc7 9. a4 a6 10. a5 Bd7 11. Na4 Bxa4 12. Rxa4 Rb8 13. Bf3 Nd7 14. c3 Ne5 15.
Be2 Nd7 16. Nc4 b5 17. axb6 Nxb6 18. Ra2 Nxc4 19. Bxc4 Rb6 20. Qe2 Qa8 21. Bg5
Re8 22. Rfa1 Qb7 23. Bc1 Ra8 24. h4 Nb5 25. h5 Nxc3 26. bxc3 Bxc3 27. Qc2 Bxa1
28. Rxa1 Rb8 29. Bd3 Rb3 30. hxg6 hxg6 31. e5 Qb4 32. Be3 Qc3 33. Qxc3 Rxc3 34.
Bxa6 dxe5 35. Ra4 Ra8 36. Kf1 c4 37. Bb5 Rxa4 38. Bxa4 Ra3 39. Bb5 c3 40. Ke2
e4 41. Kd1 Ra2 42. Be2 Kf8 43. f3 f5 44. fxe4 fxe4 45. g4 Rb2 46. Bc1 Ra2 47.
Be3 Rb2 48. Bc1 Ra2 49. Be3 1/2-1/2

[Event "Summer Prague Open 2021 - A"]
[Site "Olympik hotel, Sokolovska 138,"]
[Date "2021.08.11"]
[Round "7.18"]
[White "Plesek, Jiri"]
[Black "Pallas, Sebastian"]
[Result "0-1"]
[WhiteElo "1996"]
[BlackElo "2249"]
[PlyCount "76"]
[EventDate "2021.08.06"]

1. d4 Nf6 2. Nf3 g6 3. g3 Bg7 4. Bg2 O-O 5. O-O d5 6. c4 dxc4 7. Na3 c3 8. bxc3
c6 9. Re1 Qa5 10. Bb2 Nbd7 11. e4 Nb6 12. c4 Na4 13. Qb3 Nxb2 14. Qxb2 c5 15.
e5 Nd7 16. d5 Nb6 17. Qb3 Bg4 18. Nb5 Bxf3 19. Bxf3 Nd7 20. d6 exd6 21. Nxd6
Nxe5 22. Bd5 Qc7 23. Rad1 Qxd6 24. f4 Qc7 25. fxe5 Bxe5 26. Qxb7 Qxb7 27. Bxb7
Bd4+ 28. Kg2 Rab8 29. Re7 Rfe8 30. Rde1 Rxe7 31. Rxe7 Kf8 32. Rc7 Kg7 33. Kf3
a5 34. h4 h5 35. g4 hxg4+ 36. Kxg4 Be5 37. Rxc5 f5+ 38. Kg5 Bf6+ 0-1

[Event "Summer Prague Open 2021 - A"]
[Site "Olympik hotel, Sokolovska 138,"]
[Date "2021.08.11"]
[Round "7.19"]
[White "Brozka, Karel"]
[Black "Gimenez Menchon, Cesar"]
[Result "0-1"]
[WhiteElo "2054"]
[BlackElo "2246"]
[PlyCount "78"]
[EventDate "2021.08.06"]

1. d4 d5 2. c4 dxc4 3. Nc3 a6 4. a4 Nc6 5. e3 Na5 6. Nf3 Nf6 7. Ne5 Be6 8. Be2
g6 9. h4 h5 10. O-O Bg7 11. Qc2 c6 12. Bd2 O-O 13. Rad1 Qc7 14. f4 b5 15. axb5
axb5 16. f5 Bxf5 17. Rxf5 gxf5 18. Qxf5 Qc8 19. Qf4 Nb3 20. Bf3 Ra6 21. Qg5 b4
22. Ne2 c5 23. d5 Nh7 24. Qg3 Qf5 25. Nc6 Kh8 26. Nf4 Rxc6 27. dxc6 Bxb2 28. e4
Bd4+ 29. Kh2 Qe5 30. Bxh5 Rg8 31. Qh3 Nxd2 32. g3 Nf6 33. c7 Qxc7 34. Rxd2 Nxe4
35. Rg2 Nxg3 36. Bxf7 Qxf4 37. Bxg8 Ne2+ 38. Rg3 Be5 39. Qg2 Qxg3+ 0-1

[Event "Summer Prague Open 2021 - A"]
[Site "Olympik hotel, Sokolovska 138,"]
[Date "2021.08.11"]
[Round "7.20"]
[White "Frank, Adam"]
[Black "Vecera, Dominik"]
[Result "1-0"]
[WhiteElo "2210"]
[BlackElo "2014"]
[PlyCount "51"]
[EventDate "2021.08.06"]

1. e4 c5 2. Nf3 g6 3. d4 cxd4 4. Nxd4 Nc6 5. Be2 Bg7 6. Nb3 Nf6 7. Nc3 d6 8.
O-O O-O 9. Re1 Be6 10. Bf1 Rc8 11. Bg5 Re8 12. Nd5 Bxd5 13. exd5 Ne5 14. c3 Nc4
15. Bxc4 Rxc4 16. Qd3 Rc7 17. Re2 Nd7 18. Rae1 Ne5 19. Qg3 h6 20. Be3 Nc4 21.
Bd4 Qd7 22. Bxg7 Kxg7 23. Nd4 Kh7 24. Qf4 f6 25. Nc6 Rf8 26. Rxe7+ 1-0

[Event "Summer Prague Open 2021 - A"]
[Site "Olympik hotel, Sokolovska 138,"]
[Date "2021.08.11"]
[Round "7.21"]
[White "Pap, Gyula"]
[Black "Ouaki, Mark"]
[Result "1/2-1/2"]
[WhiteElo "2519"]
[BlackElo "2081"]
[PlyCount "23"]
[EventDate "2021.08.06"]

1. e4 e5 2. Nf3 Nc6 3. Bc4 Bc5 4. c3 Nf6 5. d3 d6 6. b4 Bb6 7. a4 a5 8. b5 Ne7
9. Nbd2 Ng6 10. O-O O-O 11. Bb3 d5 12. Qc2 1/2-1/2

[Event "Summer Prague Open 2021 - A"]
[Site "Olympik hotel, Sokolovska 138,"]
[Date "2021.08.11"]
[Round "7.22"]
[White "Laurincova, Kristyna"]
[Black "Kulhanek, Tomas"]
[Result "0-1"]
[WhiteElo "2015"]
[BlackElo "2314"]
[PlyCount "112"]
[EventDate "2021.08.06"]

1. e4 e6 2. d4 d5 3. Nd2 c5 4. exd5 Qxd5 5. Ngf3 cxd4 6. Bc4 Qd7 7. Nb3 Nc6 8.
O-O a6 9. Nbxd4 Nxd4 10. Qxd4 Qxd4 11. Nxd4 Bd7 12. Be2 O-O-O 13. Bf3 Bd6 14.
c4 Ne7 15. Be3 e5 16. c5 Bc7 17. Ne2 Bc6 18. Bxc6 Nxc6 19. Rfd1 Rxd1+ 20. Rxd1
Rd8 21. Rxd8+ Bxd8 22. Ng3 g6 23. Ne4 f5 24. Nd6+ Kc7 25. Nc4 Kd7 26. Kf1 Ke6
27. Nd6 b5 28. a3 e4 29. Ke1 Bf6 30. Bc1 Ne5 31. b4 Nd3+ 32. Kd1 Nxf2+ 33. Kc2
Nd3 34. Ne8 Be5 35. Bg5 h6 36. Bxh6 Kd7 37. Nd6 Bxd6 38. cxd6 Kxd6 39. g3 Kd5
40. Kc3 Ne5 41. h4 Nc4 42. Bc1 Nb6 43. Be3 Nd7 44. Bg5 Nf8 45. Bf4 Ne6 46. Bb8
Nd4 47. Bc7 e3 48. Bb6 Ne2+ 49. Kd3 Nxg3 50. Kxe3 Nh5 51. Kd3 Nf4+ 52. Ke3 Ne6
53. Kf3 Kc4 54. Be3 Kb3 55. Bc1 Kc2 56. Be3 Kb2 0-1

[Event "Summer Prague Open 2021 - A"]
[Site "Olympik hotel, Sokolovska 138,"]
[Date "2021.08.11"]
[Round "7.23"]
[White "Stillger, Bernhard"]
[Black "Kastner, Jan"]
[Result "1-0"]
[WhiteElo "2255"]
[BlackElo "2013"]
[PlyCount "109"]
[EventDate "2021.08.06"]

1. Nf3 d5 2. g3 Nf6 3. Bg2 c6 4. c4 Bf5 5. O-O e6 6. cxd5 cxd5 7. Qb3 Qc8 8.
Nc3 Nc6 9. d3 Be7 10. Bf4 Nh5 11. Be3 O-O 12. Nd4 Nxd4 13. Bxd4 Bc5 14. Nb5
Bxd4 15. Nxd4 Bg6 16. Rfc1 Qd7 17. Qb5 Rfd8 18. Rc5 Qxb5 19. Nxb5 a6 20. Nd4
Rd7 21. Rac1 Kf8 22. f4 Nf6 23. h3 h5 24. Kf2 Ke7 25. Nf3 Kd8 26. Ne5 Re7 27.
Nxg6 fxg6 28. e4 Rd7 29. Ke3 dxe4 30. dxe4 Ke7 31. e5 Ne8 32. Be4 Kf7 33. Rc8
Rxc8 34. Rxc8 Re7 35. h4 b5 36. Bc6 Nc7 37. Kd4 Nd5 38. Bxd5 Ra7 39. Rc5 Ke7
40. a3 exd5 41. Rxd5 Rc7 42. Rd6 g5 43. hxg5 Rc4+ 44. Ke3 Rc2 45. Rd2 Rc4 46.
Rd3 Rc2 47. b4 Rg2 48. Ke4 g6 49. Rd6 Rxg3 50. Rxg6 Rxa3 51. f5 a5 52. bxa5
Rxa5 53. Rg7+ Kf8 54. f6 b4 55. e6 1-0

[Event "Summer Prague Open 2021 - A"]
[Site "Olympik hotel, Sokolovska 138,"]
[Date "2021.08.11"]
[Round "7.24"]
[White "Babicka, Michal"]
[Black "Hartge, Gedeon"]
[Result "0-1"]
[WhiteElo "1996"]
[BlackElo "2254"]
[PlyCount "74"]
[EventDate "2021.08.06"]

1. e4 c5 2. Nf3 e6 3. d4 cxd4 4. Nxd4 a6 5. Nc3 Qc7 6. Be2 b5 7. a3 Bb7 8. f4
d6 9. O-O Be7 10. Kh1 Nd7 11. Bf3 Ngf6 12. Qe2 Rb8 13. Bd2 O-O 14. Rae1 Rfd8
15. e5 dxe5 16. fxe5 Qxe5 17. Nc6 Bxc6 18. Bxc6 Bd6 19. Bf4 Qxe2 20. Rxe2 Bxf4
21. Rxf4 Nb6 22. h3 Rd6 23. Bf3 Nc4 24. a4 e5 25. Rh4 g5 26. Rxc4 bxc4 27. Rxe5
h6 28. Nd1 Re8 29. Rf5 Kg7 30. Kh2 Rd2 31. b3 Rxc2 32. bxc4 Rxc4 33. Ra5 Re6
34. Nf2 Rc2 35. Nd3 Re3 36. Ne5 Nd7 37. Bd1 Rc5 0-1

[Event "Summer Prague Open 2021 - B"]
[Site "Olympik hotel, Sokolovska 138,"]
[Date "2021.08.11"]
[Round "7.1"]
[White "Dreher, David"]
[Black "Svanda, Adam"]
[Result "1/2-1/2"]
[WhiteElo "1888"]
[BlackElo "1858"]
[Annotator "Stanice"]
[PlyCount "86"]
[EventDate "2021.08.06"]

1. d4 Nf6 2. Bf4 d5 3. e3 c5 4. c3 Nc6 5. Nd2 Bf5 6. Ngf3 Qb6 7. Qb3 c4 8. Qxb6
axb6 9. a3 Nh5 10. Nh4 Be6 11. Bc7 b5 12. Be2 $11 Kd7 13. Bxh5 Kxc7 14. O-O g6
15. Be2 Bh6 16. Nhf3 f6 17. Rac1 Rhe8 18. Ne1 Bg8 19. Nc2 e5 20. Nf3 e4 21.
Nfe1 Be6 22. Nb4 Ne7 23. Nec2 Bd7 24. Rce1 Bc6 25. f4 exf3 26. Bxf3 $11 f5 27.
g4 Rf8 28. gxf5 gxf5 29. Bg2 Rad8 30. Rf3 Rd6 31. Ref1 Rg6 32. Rg3 Rfg8 33.
Rff3 Bd7 34. Rxg6 Rxg6 35. Rg3 Be6 36. Kf2 Kd6 37. Rxg6 Nxg6 38. Ne1 Bg5 39.
Nf3 Bf6 40. Kg3 h6 41. Na2 Bg5 42. Nxg5 hxg5 43. Kf2 Nh4 1/2-1/2

[Event "Summer Prague Open 2021 - B"]
[Site "Olympik hotel, Sokolovska 138,"]
[Date "2021.08.11"]
[Round "7.2"]
[White "Svetly, Jiri"]
[Black "Marinc, Damir"]
[Result "1/2-1/2"]
[WhiteElo "1852"]
[BlackElo "1887"]
[PlyCount "86"]
[EventDate "2021.08.06"]

1. d4 d5 2. c4 e6 3. Nc3 Nf6 4. Bg5 Be7 5. e3 O-O 6. Nf3 c6 7. Qc2 Nbd7 8. Bd3
h6 9. h4 dxc4 10. Bxc4 Nd5 11. Bxe7 Qxe7 12. g4 b5 13. Bb3 Nxc3 14. bxc3 c5 15.
Qe2 Bb7 16. g5 Kh8 17. Rg1 c4 18. Bc2 e5 19. gxh6 gxh6 20. Bf5 exd4 21. Nxd4
Nf6 22. Nxb5 Rg8 23. O-O-O Qc5 24. Nd4 Be4 25. Bxe4 Nxe4 26. Qb2 Rgb8 27. Nb3
cxb3 28. c4+ f6 29. axb3 Qe5 30. Rd4 Nc5 31. b4 Ne6 32. Rd2 Qxb2+ 33. Rxb2 Rg8
34. Rxg8+ Kxg8 35. Kd2 Kf7 36. f4 Rc8 37. Kd3 f5 38. Ra2 Rc7 39. Ra6 Ke7 40. c5
Rxc5 41. Rxa7+ Rc7 42. Ra6 Kd7 43. h5 Rc6 1/2-1/2

[Event "Summer Prague Open 2021 - B"]
[Site "Olympik hotel, Sokolovska 138,"]
[Date "2021.08.11"]
[Round "7.3"]
[White "Al-Dhabbi, Fares"]
[Black "Korenek, Frantisek"]
[Result "1-0"]
[WhiteElo "1918"]
[BlackElo "1896"]
[PlyCount "79"]
[EventDate "2021.08.06"]

1. d4 Nf6 2. Bg5 d5 3. Nd2 Nbd7 4. e3 e6 5. Ngf3 Be7 6. Bd3 a6 7. c3 Bd6 8. e4
dxe4 9. Nxe4 Be7 10. Nxf6+ Bxf6 11. Bxf6 Qxf6 12. Qe2 g6 13. Qe3 O-O 14. g4 b5
15. Be4 Rb8 16. a3 e5 17. g5 exd4 18. Nxd4 Qb6 19. O-O-O Ne5 20. h4 c5 21. Nc6
Nxc6 22. Rd6 Bb7 23. Qf4 Rbd8 24. Rhd1 b4 25. h5 bxa3 26. b4 cxb4 27. hxg6 fxg6
28. Bd5+ Kg7 29. Rf6 Rxd5 30. Rxd5 Ne7 31. Rxb6 Rxf4 32. Rxb7 Kf8 33. Rd8+ Kf7
34. Rdd7 Re4 35. cxb4 Re2 36. Kb1 Ke8 37. f4 Rb2+ 38. Ka1 Re2 39. Rd3 a2 40.
Rh3 1-0

[Event "Summer Prague Open 2021 - B"]
[Site "Olympik hotel, Sokolovska 138,"]
[Date "2021.08.11"]
[Round "7.4"]
[White "Jaeger, Andre"]
[Black "Grabarczyk, Sylwester"]
[Result "1/2-1/2"]
[WhiteElo "1883"]
[BlackElo "1630"]
[PlyCount "91"]
[EventDate "2021.08.06"]

1. d4 Nc6 2. d5 Ne5 3. e4 e6 4. f4 Ng6 5. dxe6 fxe6 6. Be3 Nf6 7. Nd2 Be7 8. c4
Bb4 9. Bd3 e5 10. g3 exf4 11. gxf4 Bxd2+ 12. Bxd2 d6 13. Qc2 Ng4 14. Ne2 Nh4
15. O-O-O Nf2 16. e5 Nxd1 17. Rxd1 Qe7 18. exd6 cxd6 19. Nd4 O-O 20. Bxh7+ Kh8
21. Re1 Qf6 22. Nb5 Nf3 23. Re2 Nxd2 24. Rxd2 Qxf4 25. Nxd6 Bg4 26. Qd3 Rad8
27. c5 b6 28. Bg6 Qf1+ 29. Kc2 Qxd3+ 30. Rxd3 Rd7 31. c6 Rc7 32. Be8 Rf2+ 33.
Rd2 Rf6 34. b4 a6 35. a4 Rf4 36. Kc3 Kg8 37. Rd4 Rf3+ 38. Rd3 Rf1 39. b5 Ra1
40. Rd4 Bf3 41. Rf4 Bd5 42. h4 Ra3+ 43. Kb2 Ra2+ 44. Kc3 Ra3+ 45. Kb2 Ra2+ 46.
Kc3 1/2-1/2

[Event "Summer Prague Open 2021 - B"]
[Site "Olympik hotel, Sokolovska 138,"]
[Date "2021.08.11"]
[Round "7.5"]
[White "Karlsson, Henrik 1974"]
[Black "Belov, Alexander"]
[Result "0-1"]
[WhiteElo "1648"]
[BlackElo "1853"]
[PlyCount "66"]
[EventDate "2021.08.06"]

1. e4 c5 2. Nf3 d6 3. d4 cxd4 4. Nxd4 Nf6 5. Nc3 g6 6. Be3 Bg7 7. Qd2 Ng4 8.
Bg5 Qb6 9. O-O-O Bxd4 10. Qxd4 Qxd4 11. Rxd4 Nxf2 12. Rg1 f6 13. Bh4 Ng4 14.
Nd5 Nc6 15. Bb5 Rb8 16. h3 Nge5 17. Nxf6+ Kf7 18. Rd2 exf6 19. Rxd6 g5 20. Bg3
Be6 21. Rf1 Ke7 22. Rd2 Rbd8 23. Rdf2 Rhf8 24. h4 h6 25. hxg5 hxg5 26. Rh1 Nd4
27. Ba4 b5 28. Bb3 Ng4 29. Rh7+ Rf7 30. Rxf7+ Bxf7 31. Rd2 Ne3 32. Kb1 Nf1 33.
Rd3 Nxb3 0-1

[Event "Summer Prague Open 2021 - B"]
[Site "Olympik hotel, Sokolovska 138,"]
[Date "2021.08.11"]
[Round "7.6"]
[White "Bednar, Jiri"]
[Black "Lazniewska, Zofia"]
[Result "1/2-1/2"]
[WhiteElo "1881"]
[BlackElo "1562"]
[PlyCount "61"]
[EventDate "2021.08.06"]

1. e4 c5 2. Nf3 Nc6 3. d4 cxd4 4. Nxd4 g6 5. Nc3 Bg7 6. Be3 Nf6 7. Bc4 O-O 8.
O-O d6 9. a4 Ng4 10. Nxc6 bxc6 11. Qd2 Nxe3 12. Qxe3 Rb8 13. Rab1 Qa5 14. Rfc1
Bd7 15. Nd1 Qxa4 16. Qe2 Qa5 17. b3 e6 18. Ne3 d5 19. exd5 exd5 20. Bd3 Rfe8
21. Qf3 Qc7 22. Nf1 Re7 23. h3 Rbe8 24. Ng3 Qd6 25. c3 Qf6 26. Qxf6 Bxf6 27. b4
Rb8 28. Ra1 Be6 29. Ne2 Rbb7 30. Ra6 Rb6 31. Rca1 1/2-1/2

[Event "Summer Prague Open 2021 - B"]
[Site "Olympik hotel, Sokolovska 138,"]
[Date "2021.08.11"]
[Round "7.7"]
[White "Guggenheim, Hans"]
[Black "Kalvach, Ladislav"]
[Result "1-0"]
[WhiteElo "1866"]
[BlackElo "1771"]
[PlyCount "99"]
[EventDate "2021.08.06"]

1. d4 Nf6 2. c4 e6 3. g3 d5 4. Nf3 c5 5. cxd5 exd5 6. Bg2 Nc6 7. O-O Bf5 8. Nc3
Be7 9. Be3 c4 10. b3 Bb4 11. Bd2 Qa5 12. Qe1 cxb3 13. axb3 Qd8 14. Na4 a5 15.
Bxb4 Nxb4 16. Qd2 O-O 17. Rfc1 Qd6 18. Ne5 b6 19. f3 Rac8 20. Nc3 Rfe8 21. e4
Be6 22. Nb5 Qe7 23. Rab1 Nd7 24. Nxd7 Qxd7 25. Bf1 f6 26. e5 Bf5 27. Rxc8 Rxc8
28. Rc1 Rxc1 29. Qxc1 fxe5 30. dxe5 Nd3 31. Bxd3 Bxd3 32. Nd4 Qh3 33. e6 h6 34.
Qe1 Kf8 35. Qc1 Kg8 36. Qe1 Kf8 37. e7+ Ke8 38. Ne6 Qf1+ 39. Qxf1 Bxf1 40.
Nxg7+ Kxe7 41. Kxf1 Kd6 42. Ke2 b5 43. Nf5+ Ke5 44. Ne3 Kd4 45. Kd2 a4 46. bxa4
bxa4 47. Nc2+ Kc4 48. f4 d4 49. f5 Kd5 50. Nxd4 1-0

[Event "Summer Prague Open 2021 - B"]
[Site "Olympik hotel, Sokolovska 138,"]
[Date "2021.08.11"]
[Round "7.8"]
[White "Westendorp, Christian"]
[Black "Svanda, Radek"]
[Result "1-0"]
[WhiteElo "1859"]
[BlackElo "1754"]
[PlyCount "43"]
[EventDate "2021.08.06"]

1. d4 d5 2. c4 e6 3. Nf3 Nf6 4. Bg5 Nbd7 5. Nc3 c6 6. e3 Qa5 7. Qc2 Bb4 8. Rc1
Ne4 9. Bf4 Nxc3 10. bxc3 Ba3 11. Rb1 b6 12. Bd3 dxc4 13. Bxc4 Ba6 14. Nd2 Be7
15. O-O Bxc4 16. Nxc4 Qd5 17. Qe2 Qf5 18. Nd6+ Bxd6 19. Bxd6 Qd5 20. Ba3 Nf6
21. Qa6 Qd7 22. Rxb6 1-0

[Event "Summer Prague Open 2021 - B"]
[Site "Olympik hotel, Sokolovska 138,"]
[Date "2021.08.11"]
[Round "7.9"]
[White "Veselsky, Jan"]
[Black "Klimek, Petr"]
[Result "0-1"]
[WhiteElo "1531"]
[BlackElo "1826"]
[PlyCount "74"]
[EventDate "2021.08.06"]

1. d4 e6 2. c4 Nf6 3. Nc3 Bb4 4. Nf3 b6 5. Bf4 Bxc3+ 6. bxc3 Bb7 7. e3 O-O 8.
Bd3 Ne4 9. Qc2 f5 10. O-O d6 11. Rad1 Nd7 12. Nd2 Nxd2 13. Qxd2 e5 14. Bg3 e4
15. Be2 Qf6 16. f3 exf3 17. Bxf3 Bxf3 18. Rxf3 Qe6 19. Qd3 g6 20. Re1 Nf6 21.
d5 Qe4 22. Rd1 Qxd3 23. Rxd3 Ne4 24. h4 Rae8 25. Bf4 Kg7 26. Rh3 h6 27. Rf3 g5
28. hxg5 hxg5 29. Bg3 g4 30. Bxd6 cxd6 31. Rf1 g3 32. Rf3 Kf6 33. Rd4 Rh8 34.
c5 bxc5 35. Ra4 Rb8 36. Kf1 Rb2 37. Kg1 Rb1+ 0-1

[Event "Summer Prague Open 2021 - A"]
[Site "?"]
[Date "2021.08.12"]
[Round "8.1"]
[White "Petr, Martin"]
[Black "Jurcik, Marian"]
[Result "1-0"]
[BlackElo "2419"]
[WhiteElo "2503"]
[LiveChessVersion "1.4.8"]

1. e4 {[%clk 1:30:56]} c5 {[%clk 1:26:15]} 2. Nf3 {[%clk 1:30:48]} Nc6
{[%clk 1:25:15]} 3. Bb5 {[%clk 1:31:09]} g6 {[%clk 1:23:03]} 4. O-O
{[%clk 1:29:23]} Bg7 {[%clk 1:23:21]} 5. Bxc6 {[%clk 1:28:36]} bxc6
{[%clk 1:22:16]} 6. c3 {[%clk 1:25:03]} Nf6 {[%clk 1:22:15]} 7. Re1
{[%clk 1:25:12]} O-O {[%clk 1:22:22]} 8. h3 {[%clk 1:21:47]} Qb6 {[%clk 1:09:35]}
9. d4 {[%clk 1:16:10]} d5 {[%clk 0:59:48]} 10. e5 {[%clk 1:16:06]} Ne4
{[%clk 0:58:43]} 11. Nbd2 {[%clk 1:14:04]} Nxd2 {[%clk 0:55:57]} 12. Qxd2
{[%clk 1:12:46]} cxd4 {[%clk 0:49:17]} 13. cxd4 {[%clk 1:13:11]} c5
{[%clk 0:48:05]} 14. b3 {[%clk 1:08:22]} cxd4 {[%clk 0:48:24]} 15. Bb2
{[%clk 1:05:45]} d3 {[%clk 0:37:52]} 16. Qxd3 {[%clk 1:06:02]} e6
{[%clk 0:37:57]} 17. Bd4 {[%clk 1:01:56]} Qb7 {[%clk 0:37:51]} 18. h4
{[%clk 0:56:33]} Bd7 {[%clk 0:32:22]} 19. h5 {[%clk 0:54:55]} Rac8
{[%clk 0:28:52]} 20. Qe3 {[%clk 0:53:42]} a5 {[%clk 0:26:14]} 21. h6
{[%clk 0:52:33]} Bh8 {[%clk 0:25:50]} 22. Rac1 {[%clk 0:51:59]} a4
{[%clk 0:21:35]} 23. Nh2 {[%clk 0:45:09]} axb3 {[%clk 0:20:06]} 24. axb3
{[%clk 0:45:33]} Rxc1 {[%clk 0:08:07]} 25. Rxc1 {[%clk 0:46:00]} Rc8
{[%clk 0:08:03]} 26. Ng4 {[%clk 0:44:17]} Kf8 {[%clk 0:00:56]} 27. Bc5+
{[%clk 0:40:27]} Ke8 {[%clk 0:00:33]} 28. b4 {[%clk 0:39:07]} Bb5
{[%clk 0:00:35]} 29. Qg5 {[%clk 0:39:04]} Bd3 {[%clk 0:00:39]} 30. Ra1
{[%clk 0:37:07]} Rc7 {[%clk 0:00:52]} 31. Nf6+ {[%clk 0:36:09]} Bxf6
{[%clk 0:01:18]} 32. Qxf6 {[%clk 0:36:36]} g5 {[%clk 0:00:54]} 33. Ra8+
{[%clk 0:36:11]} Kd7 {[%clk 0:00:37]} 34. Qxf7+ {[%clk 0:35:35]} Kc6
{[%clk 0:01:05]} 35. Qe8+ {[%clk 0:35:58]} 1-0

[Event "Summer Prague Open 2021 - A"]
[Site "?"]
[Date "2021.08.12"]
[Round "8.2"]
[White "Froeyman, Helmut"]
[Black "Finek, Vaclav"]
[Result "1/2-1/2"]
[BlackElo "2372"]
[WhiteElo "2260"]
[LiveChessVersion "1.4.8"]

1. e4 {[%clk 1:30:56]} c5 {[%clk 1:30:56]} 2. Nf3 {[%clk 1:31:15]} e6
{[%clk 1:31:21]} 3. d4 {[%clk 1:31:35]} cxd4 {[%clk 1:31:43]} 4. Nxd4
{[%clk 1:32:00]} Nc6 {[%clk 1:31:58]} 5. Nc3 {[%clk 1:32:17]} Qc7
{[%clk 1:32:14]} 6. Be2 {[%clk 1:32:18]} a6 {[%clk 1:32:13]} 7. O-O
{[%clk 1:32:18]} Nf6 {[%clk 1:32:28]} 8. Be3 {[%clk 1:32:35]} Bb4
{[%clk 1:32:32]} 9. Nxc6 {[%clk 1:31:09]} bxc6 {[%clk 1:32:04]} 10. Na4
{[%clk 1:30:53]} Be7 {[%clk 1:30:52]} 11. Nb6 {[%clk 1:30:56]} Rb8
{[%clk 1:30:51]} 12. Nxc8 {[%clk 1:31:10]} Qxc8 {[%clk 1:31:02]} 13. Bd4
{[%clk 1:30:34]} c5 {[%clk 1:30:06]} 14. Be5 {[%clk 1:29:51]} Rb6
{[%clk 1:29:40]} 15. Qd3 {[%clk 1:29:18]} d6 {[%clk 1:24:18]} 16. Bc3
{[%clk 1:28:37]} O-O {[%clk 1:21:43]} 17. b3 {[%clk 1:17:27]} Nd7
{[%clk 1:04:50]} 18. Rad1 {[%clk 1:13:34]} Bf6 {[%clk 1:02:44]} 19. Ba5
{[%clk 1:12:43]} Rc6 {[%clk 1:02:18]} 20. Qg3 {[%clk 1:07:00]} Qb8
{[%clk 0:38:18]} 21. f4 {[%clk 1:02:36]} e5 {[%clk 0:36:02]} 22. f5
{[%clk 0:51:34]} Be7 {[%clk 0:33:33]} 23. Bc4 {[%clk 0:49:48]} Nf6
{[%clk 0:32:47]} 24. Qf3 {[%clk 0:49:16]} h6 {[%clk 0:31:35]} 25. g4
{[%clk 0:43:54]} Nh7 {[%clk 0:28:33]} 26. Qg3 {[%clk 0:43:05]} Bg5
{[%clk 0:25:37]} 27. h4 {[%clk 0:33:23]} Bf4 {[%clk 0:25:14]} 28. Qg2
{[%clk 0:31:42]} Kh8 {[%clk 0:17:33]} 29. Rxf4 {[%clk 0:27:40]} exf4
{[%clk 0:17:53]} 30. g5 {[%clk 0:27:50]} Qe8 {[%clk 0:12:02]} 31. Bd5
{[%clk 0:20:24]} Rc8 {[%clk 0:08:25]} 32. Bc3 {[%clk 0:20:28]} Rc7
{[%clk 0:04:42]} 33. Kf2 {[%clk 0:18:56]} c4 {[%clk 0:02:22]} 34. Bxc4
{[%clk 0:10:10]} d5 {[%clk 0:01:32]} 35. Rxd5 {[%clk 0:10:06]} Qc6
{[%clk 0:00:59]} 36. Bd4 {[%clk 0:08:48]} Rfc8 {[%clk 0:00:37]} 37. c3
{[%clk 0:08:07]} f6 {[%clk 0:00:34]} 38. gxh6 {[%clk 0:06:53]} Qe8
{[%clk 0:00:40]} 39. Rd6 {[%clk 0:04:00]} Qh5 {[%clk 0:00:34]} 40. Be6
{[%clk 0:02:06]} Qxh4+ {[%clk 0:00:37]} 41. Kf1 {[%clk 0:00:39]} Rf8
{[%clk 0:13:49]} 42. Rc6 {[%clk 0:25:11]} f3 {[%clk 0:12:39]} 43. Qg6
{[%clk 0:25:02]} Qxe4 {[%clk 0:12:30]} 44. Rxc7 {[%clk 0:24:36]} Qe2+
{[%clk 0:12:53]} 45. Kg1 {[%clk 0:24:58]} Qe1+ {[%clk 0:13:21]} 46. Kh2
{[%clk 0:24:48]} Qh4+ {[%clk 0:13:45]} 47. Kg1 {[%clk 0:24:55]} Qe1+
{[%clk 0:14:12]} 48. Kh2 {[%clk 0:25:15]} Qh4+ {[%clk 0:14:37]} 1/2-1/2